00855nam a22002417a 450000500170000001000130001702000260003003500130005603700160006904000120008508200160009710000250011324500630013826000470020127000720024830000230032050000510034365000250039465000270041994200250044699900190047195201230049020170124110233.0 aB-219898 c760.00a9798177081021 aB-219898 bCen Lib/Ret aDPLbEN a336.54bRAO aRao, Hemlata 941787 aFiscal federalism :cby Hemlata Raobissues and policies / aNew DelhibNew Century publications c2006 bNew Delhia4800/24, Bharat Ram Raod, Ansari road Darayaganje110002 axi,355p.c22cm(Hb) aIncludes bibliographical references and index  aFiscal policy916579 aFederal finance941788 2ddccENh336.54mRAO c134795d134795 00104070aLbLd2015-07-31eCen Lib/Retg0.00l0o336.54 RAOpB-219898r2015-07-31 00:00:00t1v0.00w2015-07-31yEN